Forest products and wood science : (Record no. 34035)
[ view plain ]
| 000 -LEADER | |
|---|---|
| fixed length control field | 02202cam a22004214a 4500 |
| 001 - CONTROL NUMBER | |
| control field | 14557235 |
| 003 - CONTROL NUMBER IDENTIFIER | |
| control field | OSt |
| 005 - DATE AND TIME OF LATEST TRANSACTION | |
| control field | 20220331114327.0 |
| 008 - FIXED-LENGTH DATA ELEMENTS--GENERAL INFORMATION | |
| fixed length control field | 060915s2007 iauab b 001 0 eng |
| 010 ## - LIBRARY OF CONGRESS CONTROL NUMBER | |
| LC control number | 2006030608 |
| 020 ## - INTERNATIONAL STANDARD BOOK NUMBER | |
| International Standard Book Number | 9780813820361 (alk. paper) |
| 020 ## - INTERNATIONAL STANDARD BOOK NUMBER | |
| International Standard Book Number | 0813820367 (alk. paper) |
| 035 ## - SYSTEM CONTROL NUMBER | |
| System control number | (OCoLC)ocm71778936 |
| 035 ## - SYSTEM CONTROL NUMBER | |
| System control number | (OCoLC)71778936 |
| 040 ## - CATALOGING SOURCE | |
| Original cataloging agency | DNAL/DLC |
| Transcribing agency | HU |
| Modifying agency | BAKER |
| -- | BTCTA |
| -- | C#P |
| -- | YDXCP |
| -- | DLC |
| 042 ## - AUTHENTICATION CODE | |
| Authentication code | pcc |
| 050 00 - LIBRARY OF CONGRESS CALL NUMBER | |
| Classification number | TA419 |
| Item number | .B68 2007 |
| 070 0# - NATIONAL AGRICULTURAL LIBRARY CALL NUMBER | |
| Classification number | TA419 |
| Item number | .B68 2007 |
| 082 00 - DEWEY DECIMAL CLASSIFICATION NUMBER | |
| Classification number | 674BOW 2007 |
| Edition number | 22 |
| 100 1# - MAIN ENTRY--PERSONAL NAME | |
| Personal name | Bowyer, Jim L., |
| Dates associated with a name | 1942- |
| 9 (RLIN) | 27256 |
| 245 10 - TITLE STATEMENT | |
| Title | Forest products and wood science : |
| Remainder of title | an introduction / |
| Statement of responsibility, etc. | Jim L. Bowyer, Rubin Shmulsky, John G. Haygreen ; drawings by Karen Lilley. |
| 246 14 - VARYING FORM OF TITLE | |
| Title proper/short title | Forest products & wood science |
| 250 ## - EDITION STATEMENT | |
| Edition statement | 5th ed. |
| 260 ## - PUBLICATION, DISTRIBUTION, ETC. | |
| Place of publication, distribution, etc. | Ames, Iowa : |
| Name of publisher, distributor, etc. | Blackwell Pub., |
| Date of publication, distribution, etc. | c2007. |
| 300 ## - PHYSICAL DESCRIPTION | |
| Extent | xv, 558 p. : |
| Other physical details | ill., maps ; |
| Dimensions | 27 cm. |
| 504 ## - BIBLIOGRAPHY, ETC. NOTE | |
| Bibliography, etc. note | Includes bibliographical references and index. |
| 505 0# - FORMATTED CONTENTS NOTE | |
| Formatted contents note | Tree growth and production of woody tissue -- Macroscopic character of wood -- Composition and structure of wood cells -- Softwood structure -- Hardwood structure -- Juvenile wood, reaction wood, and wood of branches and roots -- Bark -- Wood and water -- Density and specific gravity -- Strength and mechanics -- Wood durability and protection -- Silvicultural practices and wood quality -- Lumber -- Structural panels -- Nonstructural panels -- Composite lumber products -- Pulp and paper -- Energy and chemical products -- Wood in the global raw materials picture. |
| 650 #0 - SUBJECT ADDED ENTRY--TOPICAL TERM | |
| Topical term or geographic name entry element | Wood. |
| 9 (RLIN) | 15391 |
| 650 #0 - SUBJECT ADDED ENTRY--TOPICAL TERM | |
| Topical term or geographic name entry element | Lumber. |
| 9 (RLIN) | 31376 |
| 700 1# - ADDED ENTRY--PERSONAL NAME | |
| Personal name | Shmulsky, Rubin. |
| 9 (RLIN) | 34805 |
| 700 1# - ADDED ENTRY--PERSONAL NAME | |
| Personal name | Haygreen, John G., |
| Dates associated with a name | 1930- |
| 9 (RLIN) | 27255 |
| 856 41 - ELECTRONIC LOCATION AND ACCESS | |
| Materials specified | Table of contents only |
| Uniform Resource Identifier | <a href="http://www.loc.gov/catdir/toc/ecip071/2006030608.html">http://www.loc.gov/catdir/toc/ecip071/2006030608.html</a> |
| 856 42 - ELECTRONIC LOCATION AND ACCESS | |
| Materials specified | Contributor biographical information |
| Uniform Resource Identifier | <a href="http://www.loc.gov/catdir/enhancements/fy0802/2006030608-b.html">http://www.loc.gov/catdir/enhancements/fy0802/2006030608-b.html</a> |
| 856 42 - ELECTRONIC LOCATION AND ACCESS | |
| Materials specified | Publisher description |
| Uniform Resource Identifier | <a href="http://www.loc.gov/catdir/enhancements/fy0802/2006030608-d.html">http://www.loc.gov/catdir/enhancements/fy0802/2006030608-d.html</a> |
| 906 ## - LOCAL DATA ELEMENT F, LDF (RLIN) | |
| a | 7 |
| b | cbc |
| c | orignew |
| d | 1 |
| e | ecip |
| f | 20 |
| g | y-gencatlg |
| 942 ## - ADDED ENTRY ELEMENTS (KOHA) | |
| Source of classification or shelving scheme | Dewey Decimal Classification |
| Koha item type | Books like text book referance book |
| Suppress in OPAC | No |
| Withdrawn status | Lost status | Source of classification or shelving scheme | Damaged status | Not for loan | Collection code | Home library | Current library | Shelving location | Date acquired | Total Checkouts | Full call number | Barcode | Date last seen | Copy number | Price effective from | Koha item type |
|---|---|---|---|---|---|---|---|---|---|---|---|---|---|---|---|---|
| Dewey Decimal Classification | Reference | Wondo Genet Library | Wondo Genet Library | General Stacks | 03/31/2022 | 674 BOW 2007 | WGCFNRL00015607 | 03/31/2022 | 1 | 03/31/2022 | Books like text book referance book |